| 000 | 00446 a2200145 4500 | ||
|---|---|---|---|
| 999 |
_c3729 _d3729 |
||
| 020 | _a000110066 | ||
| 050 | _aQ390. RES 2004 | ||
| 100 |
_aSiddiqui, Mujibul. H _eauthor |
||
| 245 |
_aResearch in teaching of science and mathematics / _cedited by Dr Majibul Hasan Siddiqui |
||
| 264 |
_aNew Delhi: _bAshish Publishing house., _c2004 |
||
| 300 | _a309 pgs | ||
| 500 | _alncludes index | ||
| 650 |
_aResearch _xteaching |
||
| 942 |
_2lcc _cBK _h390 _iSID _kQ |
||